000
00396nam a22001697a 4500
005
20250829145417.0
008
250829b |||||||| |||| 00| 0 eng d
037
_c
TB
040
_a
CRL
_c
CRL
041
_2
eng
_a
eng
084
_q
CRL
245
_a
Maid's Tradedy of France ....
260
_c
1969
300
_a
198p.
942
_2
CC
_c
TB
_n
0
999
_c
1434995
_d
1434995